| 000 | 01191nas a2200385 4500 | ||
|---|---|---|---|
| 001 | BR0101307 | ||
| 003 | BR-BrBNA | ||
| 005 | 20231205102117.0 | ||
| 007 | ta | ||
| 008 | 230509b bl.|||p| |||| 00| 00por d | ||
| 040 |
_aBR-BrBNA _bpor _cBiblioteca Nacional de Agricultura |
||
| 041 | _a(Pt) | ||
| 072 | _aL02 | ||
| 100 | 1 | _aMattos, L.M.E. de | |
| 100 | 1 | _aFerreira, M. de A. | |
| 100 | 1 | _aSantos, D.C. dos | |
| 100 | 1 | _aLira, M. de A. | |
| 100 | 1 | _aSantos, M.V.F. dos | |
| 100 | 1 | _aBatista, A.M.V. | |
| 100 | 1 | _aVeras, A.S.C. | |
| 245 | 1 | _aAssociacao da planta forrageira (Opuntia ficus indica Mill)com diferentes fontes de fibra na alimentacao de vacas 5/8 Holandes-Zebu em lactacao | |
| 650 | _aGado Leiteiro | ||
| 650 | _aPalma Forrageira | ||
| 650 | _aRacao Concentrada | ||
| 650 | _aSilagem | ||
| 650 | _aBagaco | ||
| 650 | _aFibra Vegetal | ||
| 650 | _aMateria Seca | ||
| 650 | _aProteina Bruta | ||
| 650 | _aPerformance | ||
| 650 | _aPernambuco | ||
| 773 | 0 |
_tRevista Brasileira de Zootecnia (Brazil) _xISSN 1516-3598 _g(Nov-Dec 2000), v. 29(6)Suplemento 1 p. 2128-2134 _wBR0101307 |
|
| 909 |
_a202311 _bLúcia _c55 _dLúcia Elande |
||
| 942 |
_2AGRIS _n0 _cANA |
||
| 999 |
_c165793 _d165793 |
||